Original Era X-Men Members Quiz Stats

Quiz not verified by Sporcle

Challenge
Share
Tweet
Embed
Score 0/10 Timer 02:00
0 Plays Today
Secret Identity X-Man Name % Correct
Scott SummersCyclops
98.6%
Henry 'Hank' McCoyBeast
97.5%
Robert 'Bobby' DrakeIceman
96.4%
Charles Francis XavierProfessor X
95.3%
Warren Worthington IIIAngel
94.4%
Jean GreyMarvel Girl
91.4%
Alexander 'Alex' SummersHavok
76.1%
Lorna DanePolaris
62.8%
Kevin SydneyChangeling
60.9%
Calvin RankinMimic
59.4%

You're not logged in!

Compare scores with friends on all Sporcle quizzes.
Join for Free
OR
Log In

You Might Also Like...

Show Comments

Extras

Created Jan 9, 2010ReportNominate
Tags:era, identity, original, power, secret, x-men

Top Quizzes Today


Score Distribution

Your Account Isn't Verified!

In order to create a playlist on Sporcle, you need to verify the email address you used during registration. Go to your Sporcle Settings to finish the process.

Report this User

Report this user for behavior that violates our Community Guidelines.

Details: